000 00365 a2200157 4500
001 47287
020 _a9788579511509
040 _cAnchieta - Aquarius
100 _aRodriguez, Janete Lins
240 1 0 _aKirikú e a feiticeira
_lpor
245 1 0 _aKirikú e a feiticeira
300 _a42p.
362 0 _a2011
650 4 _aLiteratura infanto-juvenil
942 _cBK
999 _c47287
_d47287